| 000 | nam a22 7a 4500 | ||
|---|---|---|---|
| 999 |
_c332448 _d332448 |
||
| 003 | NUST | ||
| 005 | 20171206104224.0 | ||
| 008 | 171206b xxu||||| |||| 00| 0 eng d | ||
| 020 | _a002978770x | ||
| 040 | _c0 | ||
| 082 | _a657.834 PAU | ||
| 100 |
_aPaul,Del.E. _96979 |
||
| 245 |
_aEngineering Economic Analysis _cDel.E.Paul |
||
| 260 | _c1979. | ||
| 300 | _a576p. | ||
| 500 | _aP.B | ||
| 942 |
_2ddc _cBK _kIESE |
||